000 01052nam a2200265Ia 4500
003 OSt
005 20221005110716.0
006 a|||||r|||| 00| 0
007 ta
008 221004b |||||||| |||| 00| 0 hin d
020 _a9788126724253 (hbk)
_c495
024 _a24402
037 _b7327, 07/01/2016, Rajkamal Prakashan Pvt. Ltd.
_cTextual
040 _aCRL
_cCRL
_bhin
041 _2hin
_ahin
082 _aNW44wN12,1, Q3
100 _aसहगल, जोहरा
245 0 _aकरीब से
_b मंच और फ़िल्मी पर्दे से जुड़ी यादें
246 _aKarīb se: mancha aur फ़ilmī parde se juड़ī yādean
260 _aनई दिल्ली
_bराजकमल प्रकाशन भारत
_c2013
300 _a243पृ0
_ccm.
650 _aल्थ्ल्त् क्ल्ज्ञ
942 _hNW44wN12,1, Q3
_cTEXL
_2cc
999 _c1019640
_d1019640